| 000 | 01969nam a2200325 a 4500 | ||
|---|---|---|---|
| 001 | 000047698 | ||
| 003 | DO-SdBNP | ||
| 005 | 20240725144947.0 | ||
| 008 | 090713s2014 sp abc 000 0 spa d | ||
| 020 | _a9788449450594 (obra completa) | ||
| 020 | _a9788449450600 (v. 1) | ||
| 020 | _a9788449450617 (v. 2) | ||
| 040 |
_aDO-SdBNP _bspa _cBNPHU _erda |
||
| 082 | 4 |
_a030.97293 _bE56r 2014 _222 |
|
| 245 | 0 | 0 | _aEnciclopedia de la República Dominicana. |
| 264 |
_aBarcelona : _bOcéano, _c2014. |
||
| 300 |
_a2 volúmenes _bilustraciones, mapas, retratos ; _c32 cm + _eCD-ROM |
||
| 336 |
_2rdacontent _atexto _btxt |
||
| 337 |
_2rdamedia _asin mediación _bn |
||
| 338 |
_2rdacarrier _avolumen _bnc |
||
| 505 | 0 |
_gv.1 _tEl Caribe, la isla, el país -- _tEl espacio marítimo -- _tEl territorio -- _tClima e hidrografía -- _tEcosistemas, flora y fauna -- _tProblemas ecológicos y áreas protegidas -- _tGeografía urbana y regional -- _tLa población -- _tActividades económicas -- _tEl turismo -- _tLa sociedad -- _tDivisión político administrativa y las provincias. |
|
| 505 | 0 |
_gv. 2 _tÉpoca precolombina -- _tConquista y colonia -- _tDel período francés a la Restauración -- _tIndependencia y período republicano -- _tDe la muerte de Heureaux a la actualidad -- _tLas instituciones dominicanas -- _tLa literatura -- _tArtes plásticas, fotografía y arquitectura -- _tTeatro, cine, música y danza -- _tMedios de comunicación y deportes -- _tTradiciones populares y gastronomía _tBiografías -- _tCronología -- _tÍndice onomástico. |
|
| 590 | _aInventariado, 2018/ YL | ||
| 650 | 4 |
_aGeografía _zRepública Dominicana _vDiccionarios y enciclopedias _911252 |
|
| 650 | 4 |
_aEconomía _zRepública Dominicana _vDiccionarios y enciclopedias _911253 |
|
| 651 | 4 |
_aRepública Dominicana _vDiccionarios y enciclopedias _911250 |
|
| 651 | 4 |
_aRepública Dominicana _xHistoria _vDiccionarios y enciclopedias _911251 |
|
| 910 | _aValidado. Control de Calidad/MAA | ||
| 942 |
_2ddc _cLBS1 |
||
| 999 |
_c47186 _d47186 |
||